Online
Catalog

Cáncer de Mama : (Record no. 48474)

MARC details
000 -CABECERA
campo de control de longitud fija 01087nam a2200277 a 4500
001 - NÚMERO DE CONTROL
campo de control 000048986
005 - FECHA Y HORA DE LA ÚLTIMA TRANSACCIÓN
campo de control 20201002061551.0
008 - DATOS DE LONGITUD FIJA--INFORMACIÓN GENERAL
campo de control de longitud fija 190528s2016 dr a r 000 0 spa d
020 ## - NÚMERO INTERNACIONAL ESTÁNDAR DEL LIBRO
Número Internacional Estándar del Libro 9789945496307
040 ## - FUENTE DE LA CATALOGACIÓN
Centro catalogador/agencia de origen DO-SdBNP
Lengua de catalogación spa
Centro/agencia transcriptor BNPHU
082 ## - NÚMERO DE LA CLASIFICACIÓN DECIMAL DEWEY
Número de clasificación RD868.44
Número de documento/Ítem P795c
100 1# - ENTRADA PRINCIPAL--NOMBRE DE PERSONA
Nombre de persona Ponciano, Doris,
Fechas asociadas al nombre 1959-
9 (RLIN) 68407
245 10 - MENCIÓN DE TÍTULO
Título Cáncer de Mama :
Resto del título mi trascendencia /
Mención de responsabilidad, etc. Doris Ponciano ; prólogo Sharlene Taulé ; colaboradores Polita Barceló, Ramón Saba, Clelia Da Silva.
260 ## - PUBLICACIÓN, DISTRIBUCIÓN, ETC.
Lugar de publicación, distribución, etc. Santo Domingo :
Nombre del editor, distribuidor, etc. Primada Digital,
Fecha de publicación, distribución, etc. 2016.
300 ## - DESCRIPCIÓN FÍSICA
Extensión 244 p. :
Otras características físicas il. ;
Dimensiones 23 cm.
500 ## - NOTA GENERAL
Nota general Incluye datos biográficos de la autora en las solapas
590 ## - NOTA LOCAL (RLIN)
Nota local Inventariado, 2019/MFF
600 14 - PUNTO DE ACCESO ADICIONAL DE MATERIA--NOMBRE DE PERSONA
Nombre de persona Ponciano, Doris
Fechas asociadas al nombre 1959-
9 (RLIN) 68407
650 #4 - PUNTO DE ACCESO ADICIONAL DE MATERIA--TÉRMINO DE MATERIA
Término de materia o nombre geográfico como elemento de entrada Mujeres dominicanas
Subdivisión de forma RELATOS PERSONALES
9 (RLIN) 76416
650 #4 - PUNTO DE ACCESO ADICIONAL DE MATERIA--TÉRMINO DE MATERIA
Término de materia o nombre geográfico como elemento de entrada Enfermos de cáncer
Subdivisión geográfica República Dominicana
9 (RLIN) 76417
700 1# - PUNTO DE ACCESO ADICIONAL--NOMBRE DE PERSONA
Nombre de persona Taulé, Sharlene,
Término indicativo de función/relación pról.
9 (RLIN) 76418
700 1# - PUNTO DE ACCESO ADICIONAL--NOMBRE DE PERSONA
Nombre de persona Barceló, Polita,
Término indicativo de función/relación colab.
9 (RLIN) 76419
700 1# - PUNTO DE ACCESO ADICIONAL--NOMBRE DE PERSONA
Nombre de persona Saba, Ramón,
Término indicativo de función/relación colab.
9 (RLIN) 71165
700 1# - PUNTO DE ACCESO ADICIONAL--NOMBRE DE PERSONA
Nombre de persona Da Silva, Cleia,
Término indicativo de función/relación colab.
9 (RLIN) 76420
910 ## - DATOS DE OPCIÓN DEL USUARIO (OCLC)
Datos de opción del usuario Validado. Control de calidad MFF
Holdings
Estado de retiro Estado de pérdida No para préstamo Código de colección Localización permanente Ubicación/localización actual Ubicación en estantería Fecha de adquisición Número de inventario Total de préstamos Signatura topográfica completa Código de barras Fecha visto por última vez Precio válido a partir de Tipo de ítem Koha Número de copia Restricciones de uso
    Excluido de préstamo Patrimonio Dominicano Patrimonio Dominicano Patrimonio Dominicano Depósito 28.05.2019 LF1   RD868.44 P795c 48986-10 25.06.2020 25.06.2020 Libro y Folleto Colección Patrimonio Dominicano    
    Excluido de préstamo Patrimonio Dominicano Patrimonio Dominicano Patrimonio Dominicano Depósito 28.05.2019 LF1   RD868.44 P795c 48986-20 25.06.2020 25.06.2020 Libro y Folleto Colección Patrimonio Dominicano e. 2  
      Dominicana de Servicio Patrimonio Dominicano Patrimonio Dominicano Depósito 28.05.2019 LF1   RD868.44 P795c 48986-30 25.06.2020 25.06.2020 Libro y Folleto Colección Dominicana de Servicio e. 3  

Powered by Koha